[Event "Stockholm Cramling op"]
[Site "Stockholm"]
[Date "2018.09.02"]
[Round "6"]
[White "Berg, Susanne"]
[Black "Ostensson, Julia"]
[Result "1-0"]
[WhiteElo "1903"]
[BlackElo "1375"]
[PlyCount "65"]
[EventDate "2018.09.01"]
[EventType "swiss"]
[EventRounds "7"]
[EventCountry "SWE"]
[SourceTitle "CBM 186 Extra"]
[Source "ChessBase"]
[SourceDate "2018.08.24"]
[SourceVersion "1"]
[SourceVersionDate "2018.08.24"]
[SourceQuality "1"]

1. e4 e5 2. Nf3 Nc6 3. Nc3 Nf6 4. d4 exd4 5. Nxd4 d6 6. Bb5 Bd7 7. 0-0 Be7 8. Re1 Ne5 9. Bxd7+ Nfxd7 10. Nf5 Bf6 11. Nd5 0-0 12. Re3 Re8 13. Rg3 Ng6 14. Qe2 Be5 15. Rh3 Nf6 16. Nxf6+ Qxf6 17. Qh5 h6 18. Rf3 Qe6 19. c3 Ne7 20. Ne3 Qg6 21. Qxg6 Nxg6 22. Nd5 Rac8 23. Be3 c6 24. Nb4 a5 25. Nc2 Bf6 26. Rd1 Rcd8 27. Bb6 Rd7 28. Bxa5 Rxe4 29. Bb4 d5 30. Bc5 Re2 31. Rc1 Rd8 32. Kf1 Rde8 33. Be3 1-0

[Event "Stockholm Cramling op"]
[Site "Stockholm"]
[Date "2018.09.01"]
[Round "2"]
[White "Berg, Susanne"]
[Black "Mariano, Christine Rose"]
[Result "0-1"]
[WhiteElo "1903"]
[BlackElo "1906"]
[PlyCount "52"]
[EventDate "2018.09.01"]
[EventType "swiss"]
[EventRounds "7"]
[EventCountry "SWE"]
[SourceTitle "CBM 186 Extra"]
[Source "ChessBase"]
[SourceDate "2018.08.24"]
[SourceVersion "1"]
[SourceVersionDate "2018.08.24"]
[SourceQuality "1"]

1. e4 d5 2. exd5 Qxd5 3. Nc3 Qa5 4. d4 Nf6 5. Nf3 Bg4 6. Be2 Nc6 7. 0-0 0-0-0 8. Nb5 a6 9. Bd2 Qb6 10. Na3 Bxf3 11. Bxf3 Nxd4 12. Be3 e5 13. c3 Bxa3 14. bxa3 Nxf3+ 15. Qxf3 Qe6 16. Rab1 e4 17. Qe2 Rd3 18. Qb2 Qc6 19. c4 Rhd8 20. a4 g6 21. Bg5 R8d6 22. c5 Re6 23. Rfd1 h5 24. Rxd3 exd3 25. Qc3 Ne4 26. Qxd3 Nxg5 0-1

[Event "Politiken Cup 31st"]
[Site "Helsingor"]
[Date "2009.07.20"]
[Round "4"]
[White "Berg, Susanne"]
[Black "Tsiolakidis, Anastasios"]
[Result "0-1"]
[WhiteElo "2020"]
[BlackElo "2290"]
[PlyCount "48"]
[EventDate "2009.07.18"]
[EventType "swiss"]
[EventRounds "10"]
[EventCountry "DEN"]
[SourceTitle "CBM 131 Extra"]
[Source "ChessBase"]
[SourceDate "2009.09.03"]
[SourceVersion "2"]
[SourceVersionDate "2009.09.16"]
[SourceQuality "1"]

1. e4 c5 2. b3 Nc6 3. Bb2 d6 4. f4 Nf6 5. Nc3 g6 6. Nf3 Bg7 7. Qc1 0-0 8. Be2 Nd4 9. d3 Qa5 10. Kf1 Ng4 11. Nxd4 cxd4 12. Nd5 e5 13. f5 gxf5 14. Bxg4 fxg4 15. b4 Qd8 16. c4 f5 17. Ke2 fxe4 18. dxe4 Be6 19. Qd2 Rc8 20. Rac1 Qh4 21. Qe1 g3 22. Kd3 Bxd5 23. exd5 Rf2 24. Ba1 e4+ 0-1

[Event "Stockholm SCT (Women)"]
[Site "Stockholm"]
[Date "2009.06.25"]
[Round "9"]
[White "Berg, Susanne"]
[Black "Fransson, Angelina"]
[Result "0-1"]
[WhiteElo "2047"]
[BlackElo "1844"]
[PlyCount "78"]
[EventDate "2009.06.17"]
[EventType "tourn"]
[EventRounds "9"]
[EventCountry "SWE"]
[SourceTitle "CBM 130 Extra"]
[Source "ChessBase"]
[SourceDate "2009.07.02"]
[SourceVersion "2"]
[SourceVersionDate "2009.07.15"]
[SourceQuality "1"]

1. e4 c5 2. Nf3 d6 3. Nc3 Nf6 4. Bb5+ Bd7 5. a4 Nc6 6. d4 cxd4 7. Nxd4 g6 8. 0-0 Bg7 9. Nxc6 bxc6 10. Bc4 0-0 11. Be3 Qc7 12. f3 Rab8 13. Bb3 e5 14. Qd2 Be6 15. Rfd1 Rfd8 16. Qf2 Bxb3 17. cxb3 Rd7 18. Qc2 Qb7 19. Ra3 Bf8 20. Ne2 Ne8 21. Rd3 Ng7 22. Ra1 Ne6 23. Rad1 d5 24. f4 f6 25. f5 gxf5 26. exf5 Nd8 27. Ng3 Rf7 28. Nh5 e4 29. Rc3 Bb4 30. Bd4 Bxc3 31. Bxc3 Qxb3 32. Qe2 Kf8 33. Qd2 Qb6+ 34. Bd4 c5 35. Qh6+ Ke7 36. Nf4 Ke8 37. Bc3 d4 38. Nd5 Qd6 39. Nf4 Qe5 0-1

[Event "Stockholm SCT (Women)"]
[Site "Stockholm"]
[Date "2009.06.20"]
[Round "4"]
[White "Bashkite, Viktoria"]
[Black "Berg, Susanne"]
[Result "1/2-1/2"]
[WhiteElo "2159"]
[BlackElo "2047"]
[PlyCount "122"]
[EventDate "2009.06.17"]
[EventType "tourn"]
[EventRounds "9"]
[EventCountry "SWE"]
[SourceTitle "CBM 130 Extra"]
[Source "ChessBase"]
[SourceDate "2009.07.02"]
[SourceVersion "2"]
[SourceVersionDate "2009.07.15"]
[SourceQuality "1"]

1. c4 e6 2. g3 d5 3. Bg2 c5 4. cxd5 exd5 5. Qb3 Nf6 6. d3 Nc6 7. Bg5 Nd4 8. Qd1 Be7 9. Nc3 Be6 10. Nh3 Bxh3 11. Bxh3 Ne6 12. Qa4+ Kf8 13. Bxf6 Bxf6 14. Bg2 Bxc3+ 15. bxc3 Nc7 16. Rb1 b5 17. Qa3 Qe7 18. 0-0 h5 19. h3 Rh6 20. e4 Ra6 21. Qb2 dxe4 22. Rfe1 Rb8 23. Rxe4 Qd6 24. Qe2 g6 25. Kh2 Kg7 26. a4 Kh7 27. Qf3 f5 28. Rh4 Qe5 29. d4 Qe8 30. axb5 Rxb5 31. Rxb5 Qxb5 32. d5 Qd7 33. c4 Qd6 34. Qc3 Rb6 35. Bf3 Rb8 36. Kg2 Re8 37. g4 Qf4 38. Qf6 Qe5 39. Qf7+ Qg7 40. Qxg7+ Kxg7 41. gxf5 gxf5 42. Rf4 Kf6 43. Bxh5 Rg8+ 44. Kf3 Kg5 45. d6 Ne6 46. Bf7 Rb8 47. Bxe6 Rb3+ 48. Ke2 Kxf4 49. Bc8 Rxh3 50. d7 Rh8 51. Bb7 Rd8 52. Bc6 a5 53. Kd3 Ke5 54. Kc3 Kd6 55. Bb5 Ke7 56. Kd3 Rxd7+ 57. Bxd7 Kxd7 58. f4 a4 59. Kc3 Kc6 60. Kb2 Kb6 61. Ka2 Ka6 1/2-1/2

[Event "Stockholm SCT (Women)"]
[Site "Stockholm"]
[Date "2009.06.18"]
[Round "2"]
[White "Bengtsson, Jessica"]
[Black "Berg, Susanne"]
[Result "1/2-1/2"]
[WhiteElo "1730"]
[BlackElo "2047"]
[PlyCount "59"]
[EventDate "2009.06.17"]
[EventType "tourn"]
[EventRounds "9"]
[EventCountry "SWE"]
[SourceTitle "CBM 130 Extra"]
[Source "ChessBase"]
[SourceDate "2009.07.02"]
[SourceVersion "2"]
[SourceVersionDate "2009.07.15"]
[SourceQuality "1"]

1. e4 d6 2. d4 Nf6 3. Nc3 g6 4. Nf3 Bg7 5. h3 c6 6. Be3 e6 7. a4 0-0 8. a5 Nbd7 9. Qd2 Qc7 10. Bc4 d5 11. exd5 exd5 12. Bd3 Re8 13. 0-0 Ne4 14. Qc1 Nf8 15. Bf4 Qd8 16. Ne2 Ne6 17. Be3 Bd7 18. b4 Bf8 19. c3 Bd6 20. Ra3 Rc8 21. Nf4 Ng7 22. Nd2 Bb8 23. Ne2 g5 24. Nxe4 dxe4 25. Bxg5 Qc7 26. Bf4 Qd8 27. Bg5 Qc7 28. Bf4 Qd8 29. Bg5 Qc7 30. Bf4 1/2-1/2

[Event "Stockholm (Women)"]
[Site "Stockholm"]
[Date "2002.08.08"]
[Round "6"]
[White "Horn, Emilia"]
[Black "Berg, Susanne"]
[Result "1-0"]
[WhiteElo "2012"]
[BlackElo "2056"]
[PlyCount "79"]
[EventDate "2002.08.03"]
[EventType "swiss"]
[EventRounds "9"]
[EventCountry "SWE"]
[SourceTitle "CBM 089 Extra"]
[Source "ChessBase"]
[SourceDate "2002.09.10"]
[SourceVersion "2"]
[SourceVersionDate "2002.09.10"]
[SourceQuality "1"]

1. e4 e5 2. Bc4 Nf6 3. d3 Bc5 4. Nc3 d6 5. Na4 Nbd7 6. Nxc5 Nxc5 7. Be3 Ne6 8. Nf3 Bd7 9. c3 a6 10. a4 b5 11. Bxe6 Bxe6 12. 0-0 0-0 13. Qc2 c5 14. axb5 axb5 15. d4 Qc7 16. d5 Bg4 17. Nh4 Qe7 18. h3 Bd7 19. Nf3 h6 20. Nd2 Nh5 21. b3 Nf4 22. Bxf4 exf4 23. Nf3 Qf6 24. Rxa8 Rxa8 25. c4 b4 26. Re1 Qg6 27. Kh2 Qh5 28. e5 Bf5 29. Qd2 g5 30. exd6 Rd8 31. Qb2 g4 32. Qf6 Ra8 33. Re5 g3+ 34. fxg3 fxg3+ 35. Kxg3 Qg6+ 36. Qxg6+ fxg6 37. Nh4 Bc2 38. Re7 Bxb3 39. d7 Kf8 40. Nxg6+ 1-0

[Event "Stockholm (Women)"]
[Site "Stockholm"]
[Date "2002.08.03"]
[Round "1"]
[White "Berg, Susanne"]
[Black "Johansson, Viktoria"]
[Result "0-1"]
[WhiteElo "2056"]
[BlackElo "2176"]
[PlyCount "104"]
[EventDate "2002.08.03"]
[EventType "swiss"]
[EventRounds "9"]
[EventCountry "SWE"]
[SourceTitle "CBM 089 Extra"]
[Source "ChessBase"]
[SourceDate "2002.09.10"]
[SourceVersion "2"]
[SourceVersionDate "2002.09.10"]
[SourceQuality "1"]

1. e4 c5 2. Nf3 Nc6 3. Bb5 d6 4. c3 Bd7 5. 0-0 Nf6 6. Re1 a6 7. Ba4 b5 8. Bb3 c4 9. Bc2 g6 10. b3 Bg7 11. a4 0-0 12. Na3 Na5 13. b4 Nc6 14. d4 cxd3 15. Qxd3 Ng4 16. Bf4 Qb6 17. Bg3 Nce5 18. Nxe5 Nxe5 19. Qd2 Rac8 20. a5 Qc7 21. Nb1 Nc6 22. Bb3 Ne5 23. f4 Ng4 24. Rc1 Qa7+ 25. Kh1 Bc6 26. Qe2 Nf6 27. Nd2 Qb7 28. Re1 Nh5 29. Rac1 Nxg3+ 30. hxg3 Rc7 31. Qe3 Bd7 32. Bd5 Qc8 33. Nb1 Be6 34. Bxe6 Qxe6 35. Qf3 Rfc8 36. f5 Qe5 37. fxg6 hxg6 38. Qe3 Qh5+ 39. Kg1 Bh6 40. Qd4 Bxc1 41. Rxc1 Qg5 42. Rf1 Qxg3 43. Rf3 Qe5 44. Qe3 Rc4 45. Rf4 d5 46. Nd2 Rxc3 47. Qf2 Rc1+ 48. Nf1 R8c2 49. Qh4 dxe4 50. Rxe4 Qf6 51. Qxf6 exf6 52. Rf4 Kg7 0-1

[Event "Hasselbacken op (Women)"]
[Site "Stockholm"]
[Date "2001.08.04"]
[Round "8"]
[White "Berg, Susanne"]
[Black "Dalmau, Anneli"]
[Result "1/2-1/2"]
[WhiteElo "2076"]
[BlackElo "2026"]
[PlyCount "98"]
[EventDate "2001.07.28"]
[EventType "swiss"]
[EventRounds "9"]
[EventCountry "SWE"]
[SourceTitle "EXT 2002"]
[Source "ChessBase"]
[SourceDate "2001.11.25"]
[SourceVersion "1"]
[SourceVersionDate "2001.11.25"]
[SourceQuality "1"]

1. e4 e5 2. f4 exf4 3. Bc4 Nf6 4. Nc3 c6 5. Bb3 d5 6. exd5 cxd5 7. d4 Bd6 8. Nf3 0-0 9. 0-0 Be6 10. Qe1 Nc6 11. Qh4 Ne7 12. Ng5 Ng6 13. Nxe6 fxe6 14. Qh3 Re8 15. Bd2 Qb6 16. Qd3 Rf8 17. Nb5 Ne4 18. Be1 Rae8 19. c4 dxc4 20. Bxc4 Ne5 21. Qxe4 Nxc4 22. Nxd6 Nxd6 23. Qe2 e5 24. Qd3 exd4 25. Qb3+ Qxb3 26. axb3 Nb5 27. Bb4 Rf5 28. Rac1 g5 29. Rfd1 b6 30. Rc6 Rfe5 31. Kf1 Re2 32. Bd2 Kf7 33. h4 gxh4 34. Rh6 Kg7 35. Rxh4 R2e4 36. Rxf4 Rxf4+ 37. Bxf4 Kf6 38. Rd3 Kf5 39. Bd2 Ke4 40. Rh3 Rf8+ 41. Ke2 Rg8 42. Rh4+ Kd5 43. Rh5+ Kc6 44. Kf3 Rg7 45. Rh6+ Kb7 46. Rh4 Re7 47. Re4 Rg7 48. g4 Rd7 49. Ke2 Kc6 1/2-1/2

[Event "Hasselbacken op (Women)"]
[Site "Stockholm"]
[Date "2001.08.02"]
[Round "6"]
[White "Stepanitscheva, Zinaid"]
[Black "Berg, Susanne"]
[Result "1-0"]
[WhiteElo "2060"]
[BlackElo "2076"]
[PlyCount "145"]
[EventDate "2001.07.28"]
[EventType "swiss"]
[EventRounds "9"]
[EventCountry "SWE"]
[SourceTitle "EXT 2002"]
[Source "ChessBase"]
[SourceDate "2001.11.25"]
[SourceVersion "1"]
[SourceVersionDate "2001.11.25"]
[SourceQuality "1"]

1. g3 c5 2. Bg2 Nc6 3. e3 e5 4. c4 g6 5. Nc3 Nge7 6. Nge2 Bg7 7. 0-0 d6 8. a3 a5 9. Nd5 0-0 10. Nec3 Rb8 11. Rb1 Be6 12. d3 f5 13. Bd2 g5 14. f4 gxf4 15. exf4 Ng6 16. Ne2 Nce7 17. Nxe7+ Nxe7 18. b4 axb4 19. axb4 b6 20. Qc1 Ng6 21. Kh1 Qd7 22. Nc3 Ne7 23. Re1 Kh8 24. b5 Rfd8 25. Rb2 Qc7 26. Ra2 Bc8 27. Nd1 Bb7 28. Bc3 Bxg2+ 29. Rxg2 Ng6 30. Ne3 Ne7 31. g4 fxg4 32. Nxg4 Ng6 33. fxe5 dxe5 34. Nxe5 Bxe5 35. Rxg6 Qb7+ 36. Rg2 Bd4 37. Bxd4+ cxd4 38. Qf4 Rg8 39. Qxd4+ Rg7 40. Qxg7+ Qxg7 41. Rxg7 Kxg7 42. Re7+ Kg6 43. d4 h5 44. h4 Kf5 45. d5 Kg4 46. d6 Kxh4 47. d7 Rd8 48. Rg7 Kh3 49. Kg1 Rf8 50. Rf7 Rd8 51. Kf2 Kg4 52. Ke3 h4 53. Ke4 h3 54. Rg7+ Kh5 55. Ke5 h2 56. Rh7+ Kg6 57. Rxh2 Rxd7 58. Rf2 Kg7 59. Rf4 Rd8 60. Rf6 Rb8 61. Rc6 Rb7 62. Kd6 Kf6 63. Rc7 Rb8 64. c5 bxc5 65. Rxc5 Rd8+ 66. Kc7 Rh8 67. b6 Rh7+ 68. Kc6 Re7 69. b7 Re6+ 70. Kb5 Re1 71. Rc8 Rb1+ 72. Kc6 Rc1+ 73. Kd5 1-0

[Event "Hasselbacken op (Women)"]
[Site "Stockholm"]
[Date "2001.07.28"]
[Round "1"]
[White "Berg, Susanne"]
[Black "Agrest, Svetlana"]
[Result "1/2-1/2"]
[WhiteElo "2076"]
[BlackElo "2218"]
[PlyCount "66"]
[EventDate "2001.07.28"]
[EventType "swiss"]
[EventRounds "9"]
[EventCountry "SWE"]
[SourceTitle "EXT 2002"]
[Source "ChessBase"]
[SourceDate "2001.11.25"]
[SourceVersion "1"]
[SourceVersionDate "2001.11.25"]
[SourceQuality "1"]

1. e4 d6 2. d4 Nf6 3. Nc3 e5 4. Nf3 Nbd7 5. Bc4 Be7 6. 0-0 0-0 7. a4 c6 8. Ba2 b6 9. Re1 a6 10. Bg5 Bb7 11. Bh4 b5 12. Bg3 b4 13. Nb1 exd4 14. Nxd4 g6 15. Nd2 c5 16. N4f3 Nh5 17. Nc4 Nxg3 18. hxg3 Qc7 19. Qd2 Rad8 20. Qf4 Kg7 21. Rad1 Nf6 22. g4 Ne8 23. g5 f6 24. Qh4 fxg5 25. Nxg5 Bxg5 26. Qxg5 Rd7 27. Qg3 Qd8 28. e5 Rf5 29. e6 Re7 30. Ne3 Rf6 31. Ng4 Rf5 32. Ne3 Rf6 33. Ng4 Rf5 1/2-1/2

[Event "Stockholm Scandic op (Women)"]
[Site "Stockholm"]
[Date "2000.??.??"]
[Round "?"]
[White "Agrest, Svetlana"]
[Black "Berg, Susanne"]
[Result "1/2-1/2"]
[WhiteElo "2197"]
[BlackElo "2057"]
[PlyCount "124"]
[EventDate "2000.??.??"]
[EventType "swiss"]
[EventRounds "7"]
[EventCountry "SWE"]
[SourceTitle "EXT 2006"]
[Source "ChessBase"]
[SourceDate "2005.11.24"]
[SourceVersion "1"]
[SourceVersionDate "2005.11.24"]
[SourceQuality "1"]

1. e4 e5 2. Nf3 Nc6 3. Bb5 a6 4. Ba4 Nf6 5. Nc3 b5 6. Bb3 Be7 7. 0-0 d6 8. Nd5 0-0 9. c3 Na5 10. Nxe7+ Qxe7 11. Bc2 Bg4 12. d4 exd4 13. cxd4 Nc6 14. Re1 Bxf3 15. gxf3 Nh5 16. d5 Nb4 17. Bb1 a5 18. f4 Qh4 19. Qf3 Rfe8 20. Bd2 c5 21. a3 Na6 22. e5 c4 23. Bf5 Nc5 24. Qg4 Qxg4+ 25. Bxg4 g6 26. Bxh5 gxh5 27. exd6 Red8 28. Re5 Rxd6 29. Rxh5 Nd3 30. Rg5+ Rg6 31. f5 Rxg5+ 32. Bxg5 Kg7 33. Rb1 f6 34. Be3 Rd8 35. Bb6 Rxd5 36. Bxa5 Rxf5 37. Bb6 Kf7 38. Be3 Rd5 39. Kf1 f5 40. Ke2 f4 41. Bb6 Ke6 42. h4 Kf5 43. Ba5 Ne5 44. b3 f3+ 45. Ke1 Nd3+ 46. Kf1 Re5 47. bxc4 bxc4 48. Be1 Re2 49. a4 Ra2 50. a5 Nxe1 51. Kxe1 Rxa5 52. Kd2 Ra2+ 53. Ke3 Ra3+ 54. Kd4 c3 55. Rb8 c2 56. Rc8 Kg4 57. Rxc2 Kxh4 58. Rc7 h5 59. Rg7 Kh3 60. Ke4 h4 61. Kf4 Kh2 62. Rg8 Kh3 1/2-1/2

[Event "Skelleftea op (Women)"]
[Site "Skelleftea"]
[Date "2000.??.??"]
[Round "6"]
[White "Berg, Susanne"]
[Black "Johnsen, Sylvia"]
[Result "1-0"]
[WhiteElo "2057"]
[BlackElo "2067"]
[PlyCount "85"]
[EventDate "2000.??.??"]
[EventType "swiss"]
[EventRounds "8"]
[EventCountry "SWE"]
[SourceTitle "EXT 2001"]
[Source "ChessBase"]
[SourceDate "2000.11.22"]
[SourceVersion "1"]
[SourceVersionDate "2000.11.22"]
[SourceQuality "1"]

1. e4 g6 2. d4 c6 3. Nc3 d5 4. h3 Bg7 5. Nf3 dxe4 6. Nxe4 Nd7 7. Bc4 Ngf6 8. Nxf6+ Nxf6 9. 0-0 0-0 10. Re1 Nd5 11. Bg5 f6 12. Bd2 Qd6 13. a3 Re8 14. Ba2 e6 15. c4 Nc7 16. Qc1 Kh8 17. Bb4 Qd7 18. Qf4 Na6 19. Rad1 Nxb4 20. axb4 a5 21. bxa5 Rxa5 22. Bb3 b5 23. c5 Ra7 24. h4 Qc7 25. Qe3 e5 26. dxe5 fxe5 27. Ng5 h6 28. Nf7+ Kh7 29. Nd6 Rf8 30. h5 Bf5 31. Nxf5 gxf5 32. Rd6 Qe7 33. Rxc6 Rf6 34. Rxf6 Qxf6 35. Qd3 b4 36. Qd5 Qf8 37. c6 e4 38. Qe6 Bxb2 39. Rd1 Bg7 40. Rd7 Ra1+ 41. Kh2 Rc1 42. c7 e3 43. Qg6+ 1-0

[Event "Skelleftea op (Women)"]
[Site "Skelleftea"]
[Date "2000.??.??"]
[Round "4"]
[White "Berg, Susanne"]
[Black "Kludacz, Magdalena"]
[Result "0-1"]
[WhiteElo "2057"]
[BlackElo "2261"]
[PlyCount "56"]
[EventDate "2000.??.??"]
[EventType "swiss"]
[EventRounds "8"]
[EventCountry "SWE"]
[SourceTitle "EXT 2001"]
[Source "ChessBase"]
[SourceDate "2000.11.22"]
[SourceVersion "1"]
[SourceVersionDate "2000.11.22"]
[SourceQuality "1"]

1. e4 e6 2. d4 d5 3. exd5 exd5 4. Nf3 Nc6 5. Bb5 Bd6 6. c4 dxc4 7. d5 a6 8. Ba4 b5 9. dxc6 bxa4 10. 0-0 Ne7 11. Qxa4 0-0 12. Bg5 Rb8 13. Nbd2 Rxb2 14. Nxc4 Rb4 15. Qc2 f6 16. Be3 Bf5 17. Qc1 Be4 18. Nxd6 Bxf3 19. gxf3 cxd6 20. Bf4 Nxc6 21. Qxc6 Rxf4 22. Rfe1 Qa5 23. Rac1 Rxf3 24. Qxd6 Qh5 25. Rc6 Rf5 26. Rd1 Rg5+ 27. Kf1 h6 28. a4 a5 0-1

[Event "Skelleftea op (Women)"]
[Site "Skelleftea"]
[Date "2000.??.??"]
[Round "5"]
[White "Hagesaether, Ellen"]
[Black "Berg, Susanne"]
[Result "1/2-1/2"]
[WhiteElo "2065"]
[BlackElo "2057"]
[PlyCount "95"]
[EventDate "2000.??.??"]
[EventType "swiss"]
[EventRounds "8"]
[EventCountry "SWE"]
[SourceTitle "EXT 2001"]
[Source "ChessBase"]
[SourceDate "2000.11.22"]
[SourceVersion "1"]
[SourceVersionDate "2000.11.22"]
[SourceQuality "1"]

1. g3 e5 2. Bg2 Nc6 3. d3 Bc5 4. Nf3 d6 5. 0-0 Nge7 6. e4 Bg4 7. h3 Bh5 8. c3 a5 9. Nbd2 0-0 10. Nc4 Kh8 11. b3 b5 12. Ne3 Bxf3 13. Bxf3 b4 14. Bb2 bxc3 15. Bxc3 Bd4 16. Rc1 Bxc3 17. Rxc3 Nd4 18. Bg4 c5 19. f4 exf4 20. Rxf4 Ng6 21. Rf2 Ne5 22. Nf5 Nxf5 23. Rxf5 Qb6 24. Kg2 Qb4 25. Qd2 a4 26. Bd1 a3 27. Bg4 Rad8 28. Rh5 Ng6 29. Bf5 Kg8 30. Bxg6 fxg6 31. Rd5 Qb7 32. Qe2 Qf7 33. Rc1 Qf6 34. Rc2 Rde8 35. Qe1 Qf3+ 36. Kh2 Re6 37. Qe2 Qf6 38. Kg2 Re7 39. e5 Qg5 40. Qe4 Qh5 41. Re2 Qf5 42. Qxf5 Rxf5 43. Rxd6 Rfxe5 44. Rxe5 Rxe5 45. Kf3 Rf5+ 46. Ke3 Re5+ 47. Kf3 Rf5+ 48. Ke3 1/2-1/2

[Event "Skelleftea op (Women)"]
[Site "Skelleftea"]
[Date "2000.??.??"]
[Round "3"]
[White "Horn, Emilia"]
[Black "Berg, Susanne"]
[Result "1/2-1/2"]
[WhiteElo "2061"]
[BlackElo "2057"]
[PlyCount "56"]
[EventDate "2000.??.??"]
[EventType "swiss"]
[EventRounds "8"]
[EventCountry "SWE"]
[SourceTitle "EXT 2001"]
[Source "ChessBase"]
[SourceDate "2000.11.22"]
[SourceVersion "1"]
[SourceVersionDate "2000.11.22"]
[SourceQuality "1"]

1. e4 e5 2. Bc4 Nf6 3. d3 c6 4. Nf3 d5 5. Bb3 Bb4+ 6. Bd2 Bxd2+ 7. Nbxd2 dxe4 8. Nxe4 Nxe4 9. dxe4 Qe7 10. 0-0 Na6 11. c3 Nc5 12. Bc2 Bg4 13. h3 Bh5 14. Qe2 Rd8 15. Rad1 0-0 16. Qe3 b6 17. b4 Na6 18. Bd3 Nc7 19. Be2 Bxf3 20. Bxf3 Rxd1 21. Rxd1 Rd8 22. Rd3 Ne8 23. Be2 Rxd3 24. Qxd3 Qd6 25. Kf1 Kf8 26. Qxd6+ Nxd6 27. Bd3 Ke7 28. Ke2 f6 1/2-1/2

[Event "Helsinki  zt (Women)"]
[Site "Helsinki"]
[Date "1999.??.??"]
[Round "5"]
[White "Berg, Susanne"]
[Black "Hagesaether, Ellen"]
[Result "0-1"]
[WhiteElo "2071"]
[BlackElo "2028"]
[PlyCount "120"]
[EventDate "1999.??.??"]
[EventType "tourn"]
[EventRounds "9"]
[EventCountry "FIN"]
[SourceTitle "EXT 2000"]
[Source "ChessBase"]
[SourceDate "1999.11.16"]
[SourceVersion "1"]
[SourceVersionDate "1999.11.16"]
[SourceQuality "1"]

1. e4 d6 2. d4 Nf6 3. Nc3 g6 4. f4 Bg7 5. Nf3 0-0 6. Bd3 Nc6 7. 0-0 e5 8. fxe5 dxe5 9. d5 Nb4 10. Bg5 Qd6 11. Qd2 Nxd3 12. cxd3 Ne8 13. Kh1 f6 14. Be3 Qd7 15. d4 Nd6 16. dxe5 fxe5 17. b3 Qe7 18. Bc5 b6 19. Bxd6 cxd6 20. Nb5 a6 21. Na3 Rf4 22. Qd3 b5 23. Nb1 Bg4 24. Nbd2 Rc8 25. Rac1 Rff8 26. Rc6 Rxc6 27. dxc6 Bh6 28. a4 Rb8 29. axb5 axb5 30. b4 Be6 31. Ra1 Qc7 32. Ra6 Kf8 33. Qc3 Bc8 34. Ra1 Rb6 35. Rc1 Be6 36. Rc2 Bf7 37. Nb3 Bxb3 38. Qxb3 Rxc6 39. Rxc6 Qxc6 40. Qe6 Be3 41. Qf6+ Ke8 42. Qh8+ Kd7 43. Qxh7+ Kc8 44. Qh4 Qc1+ 45. Qe1 Kd7 46. Qxc1 Bxc1 47. Ne1 Ke6 48. h4 d5 49. exd5+ Kxd5 50. g4 e4 51. Kg2 Ke5 52. h5 gxh5 53. gxh5 Kd4 54. Kf2 Kc3 55. Ke2 Bg5 56. Kd1 Kxb4 57. Nc2+ Kc3 58. Na3 b4 59. Nb5+ Kd3 60. Ke1 e3 0-1

[Event "Helsinki  zt (Women)"]
[Site "Helsinki"]
[Date "1999.??.??"]
[Round "4"]
[White "Paasikangas Tella, Johanna"]
[Black "Berg, Susanne"]
[Result "1-0"]
[WhiteElo "2279"]
[BlackElo "2071"]
[PlyCount "123"]
[EventDate "1999.??.??"]
[EventType "tourn"]
[EventRounds "9"]
[EventCountry "FIN"]
[SourceTitle "EXT 2000"]
[Source "ChessBase"]
[SourceDate "1999.11.16"]
[SourceVersion "1"]
[SourceVersionDate "1999.11.16"]
[SourceQuality "1"]

1. d4 d5 2. c4 e6 3. Nc3 c5 4. cxd5 exd5 5. Nf3 Nc6 6. dxc5 d4 7. Na4 Nf6 8. e3 Bg4 9. Be2 dxe3 10. Bxe3 Qa5+ 11. Bd2 Qc7 12. 0-0 Be7 13. b4 0-0 14. b5 Bxf3 15. Bxf3 Nd4 16. Rb1 Rad8 17. Be3 Nxf3+ 18. Qxf3 Qa5 19. Qxb7 Nd5 20. c6 Nxe3 21. fxe3 Bg5 22. Qa6 Qxa6 23. bxa6 Bxe3+ 24. Kh1 Rc8 25. Rf3 Bg5 26. Rc3 Rfe8 27. g3 g6 28. c7 Bd2 29. Rc6 Re1+ 30. Rxe1 Bxe1 31. Nb6 axb6 32. a7 Ba5 33. a8Q Rxa8 34. c8Q+ Rxc8 35. Rxc8+ Kg7 36. Kg2 h5 37. Rc6 Kh6 38. Kf3 Kg5 39. a4 Kf5 40. h3 Kg5 41. Rd6 Kf5 42. Rd5+ Ke6 43. Rb5 Kd6 44. Ke4 Ke6 45. Kd4 f5 46. Re5+ Kf6 47. Kd5 Kf7 48. Re6 Kg7 49. Rc6 Kf7 50. Ke5 Kg7 51. Ke6 Be1 52. Rxb6 Bxg3 53. a5 Bf2 54. Rb7+ Kh6 55. a6 Kg5 56. a7 Bxa7 57. Rxa7 Kh4 58. Ra3 f4 59. Ke5 g5 60. Ke4 g4 61. hxg4 Kxg4 62. Ra7 1-0